00763nam a22002297a 450000500170000001000990001702000100011603500130012603700160013904000120015508200100016724501200017724600060029726000310030327000140033430000200034849000690036850000200043765000210045765000200047870000350049820170124105926.0 aA-688951  c00.00 aA-688951 bCen Lib/Ret aDPLbEN a027.7 aIntegrated library system :cby Maria Luiza Rigo Pasquarelli...[et al.]btwo case studies Latin America and India / b  bNew Delhic1992aNew Delhi bNew Delhi a144p.c21cm(Hb) aConcepts in communication, informatics and librarianshipvno. 40 aIncludes index  aLibrary science  aLibrary system  aPasquarelli, Maria Favero Rigo